Selena Gomez - Chansons de I Said I Love You First par ordre alphabéti - Statistiques

Statistiques générales
  • Ce quiz a été pris 6 fois
  • Le résultat moyen est 8 sur 14
Statistiques - réponses
Hint Réponse % Correct
I Said I Love You First2 O Ojos Tristes
100%
I Said I Love You First C Cowboy
80%
I Said I Love You First H How Does It Feel to Be Forgotten?
80%
I Said I Love You First B Bluest Flame
60%
I Said I Love You First C Call Me When You Break Up (feat. Gracie Abrams)
60%
I Said I Love You First D Don't Wanna Cry
60%
I Said I Love You First2 I I Said I Love You First
60%
I Said I Love You First2 S Sunset Blvd
60%
I Said I Love You First2 Y Younger And Hotter Than Me
60%
I Said I Love You First D Don't Take It Personally
40%
I Said I Love You First2 I I Can't Get Enough (feat. Tainy & J Balvin)
40%
I Said I Love You First2 Y You Said You Were Sorry
40%
I Said I Love You First2 S Scared of Loving You
20%
I Said I Love You First D Do You Wanna Be Perfect?
0%
Aucun quiz correspondant
Distribution des résultats
% des personnes avec chaque résultat
Percentile par nombre de réponses
Votre historique - résultats
Vous n’avez pas pris ce quiz